000 01028cam a22003257a 4500
003 CHAP
005 20220817043453.0
008 980910d1995 es a r 00110 spa d
010 _a76151
011 _a77123
020 _a8487440789
035 _a86725
040 _cCHAP
082 0 4 _a636.085
_bM33
100 0 0 _aMadrid Vicente, Antonio.
_969710
245 1 0 _aPiensos y alimentos para animales
_c/por A. Madrid, R. Madrid y J. M. Madrid
260 _aMadrid :
_bA. Madrid Vicente Ed.,
_c1995.
300 _a332 p. :
_bilus. ; gráfs.
590 _aBATCH-UPD
_b10
_c20130110
_lUCH01
_h0739
590 _aBATCH-UPD
_b10
_c20130410
_lUCH01
_h0421
590 _aCONVERSION
_b10
_c20130109
_lUCH01
_h1342
650 1 4 _aAlimentos y alimentacion del ganado.
_94326
650 1 4 _aForrajes.
700 0 _aMadrid, Juana M.
_969713
700 0 _aMadrid, R.
_969714
901 _aBK
905 _aGuadalupe Pinto C.
942 _cLIBRO
949 _a636.085 M33
_bBC
_cLIBRO
_d33724000703278
_eLIBRO
_gI.191588
_h93518
_i86725
_si
_t$326.00
999 _c76151
_d76151